| 000 | 00649nam a22001937a 4500 | ||
|---|---|---|---|
| 005 | 20250220160215.0 | ||
| 010 | _aENG-143849 | ||
| 020 |
_c799.00 _a9788195893959 |
||
| 035 | _aEN-127381 | ||
| 037 | _bDBAD | ||
| 082 |
_a796 _201 |
||
| 100 |
_achawla Anirudh _978309 |
||
| 245 |
_aTere Sur Aur Mere Geet: _cby Anirudh Chawla _bLata Mangeshkar in conversation with Anirudh Chawla/ |
||
| 260 |
_aNoida _c2023 _bJitendra Anand Infratech private limited |
||
| 270 |
_a2203,Express Trade Towers -2, sector -132 _bNoida - 201304 |
||
| 300 |
_a567 pg. _c20cm (pb) |
||
| 700 |
_aAnirudh Chawla _978219 |
||
| 942 |
_2ddc _cEN _h796 _mCHA |
||
| 999 |
_c209548 _d209548 |
||